| 000 | 00416nam a22001697a 4500 | ||
|---|---|---|---|
| 020 | _a0803911521 | ||
| 082 | _a658.403 INB | ||
| 100 | _aInbar Michael | ||
| 245 | _aRoutine Decision -Making | ||
| 260 |
_aLondon _bSage _c1979 |
||
| 300 |
_a239p _bill,:22cm |
||
| 490 | _aThe Future of Bureaucracy | ||
| 500 | _aIncludes References | ||
| 650 | _aRoutine decision-Making | ||
| 700 | _aInbar Michael | ||
| 942 | _cBK | ||
| 999 |
_c14824 _d14824 |
||